|
|
|
|
| LEADER |
01075nam a2200265 a 4500 |
| 001 |
c000110971 |
| 003 |
CARM |
| 005 |
20000120164859.0 |
| 008 |
990621s1935 gw a b 001 0 ger d |
| 019 |
1 |
|
|a 20151256
|5 LACONCORD2021
|
| 035 |
|
|
|a (OCoLC)222529466
|5 LACONCORD2021
|
| 040 |
|
|
|a VU
|b eng
|c VU
|
| 082 |
0 |
4 |
|a 544.9
|
| 100 |
1 |
|
|a Feigl, F.
|q (Fritz),
|d 1891-1971.
|
| 245 |
1 |
0 |
|a Qualitative Analyse mit Hilfe von Tupfelreaktionen :
|b theoretische Grundlagen und praktische Ausfuhrung /
|c von Fritz Feigl.
|
| 250 |
|
|
|a 2., verb. und verm. Aufl.
|
| 260 |
|
|
|a Leipzig :
|b Akademische Verlagsgesellschaft,
|c 1935.
|
| 300 |
|
|
|a xi, 513 p. :
|b ill. ;
|c 24 cm.
|
| 504 |
|
|
|a Includes bibliographical references and indexes.
|
| 650 |
|
0 |
|a Chemistry, Analytic
|x Qualitative.
|
| 650 |
|
0 |
|a Spot tests (Chemistry)
|
| 650 |
|
0 |
|a Chemistry, Organic.
|
| 852 |
8 |
|
|b CARM
|h A2:AH37E0
|i C04118
|p 0127592
|f BK
|
| 999 |
f |
f |
|i 3d2a09c2-89e2-5bd9-8257-c967470f1b40
|s 182dba02-9f8d-5d09-9ef1-8daee2d65e3f
|
| 952 |
f |
f |
|p Can circulate
|a CAVAL
|b CAVAL
|c CAVAL
|d CARM 1 Store
|e C04118
|f A2:AH37E0
|h Other scheme
|i book
|m 0127592
|